书目信息 |
| 题名: |
写给孩子的美丽乐府诗
|
|
| 作者: | 林画 著 | |
| 分册: | ||
| 出版信息: | 北京 华龄出版社 2020.10 |
|
| 页数: | 215页 | |
| 开本: | 22cm | |
| 丛书名: | ||
| 单 册: | ||
| 中图分类: | I222.6 | |
| 科图分类: | ||
| 主题词: | 乐府诗--yue fu shi--中国--古代--少年读物 | |
| 电子资源: | ||
| ISBN: | 978-7-5169-1372-7 | |
| 000 | 00878nam0 2200241 450 | |
| 001 | CAL 0120203107729 | |
| 005 | 20230217093112.0 | |
| 010 | @a978-7-5169-1372-7@dCNY39.80 | |
| 100 | @a20201109d2020 cemy0chiy0120 ea | |
| 101 | 0 | @achi |
| 102 | @aCN@b110000 | |
| 105 | @ay z 000gy | |
| 106 | @ar | |
| 200 | 1 | @a写给孩子的美丽乐府诗@Axie gei hai zi de mei li yue fu shi@f林画著 |
| 210 | @a北京@c华龄出版社@d2020.10 | |
| 215 | @a215页@d22cm | |
| 314 | @a林画, 资深图书作者。 | |
| 330 | @a本书主要内容包括: 倾国倾城的李夫人、卓文君的“爱情童话”、王昭君是自愿和亲的吗、班婕妤和班昭是俩人、才女蔡文姬的千古绝唱、美女们的共同烦恼、一个民族的草原记忆、唱着小歌儿去采莲、春天的美好谁知道等。 | |
| 606 | 0 | @a乐府诗@Ayue fu shi@y中国@z古代@j少年读物 |
| 690 | @aI222.6@v5 | |
| 701 | 0 | @a林画@Alin hua@4著 |
| 801 | 0 | @aCN@bBJXHZP@c20230228 |
| 905 | @b1384128-31@dI222.6@e880@f4 | |
| 写给孩子的美丽乐府诗/林画著.-北京:华龄出版社,2020.10 |
| 215页;22cm |
| ISBN 978-7-5169-1372-7:CNY39.80 |
| 本书主要内容包括: 倾国倾城的李夫人、卓文君的“爱情童话”、王昭君是自愿和亲的吗、班婕妤和班昭是俩人、才女蔡文姬的千古绝唱、美女们的共同烦恼、一个民族的草原记忆、唱着小歌儿去采莲、春天的美好谁知道等。 |
| ● |
| 相关链接 |
|
|
|
|
正题名:写给孩子的美丽乐府诗
索取号:I222.6/880
 
预约/预借
| 序号 | 登录号 | 条形码 | 馆藏地/架位号 | 状态 | 备注 |
| 1 | 1384128 | 213841280 | 第一样本阅览室/ [索取号:I222.6/880] | 在馆 | |
| 2 | 1384129 | 213841299 | 第二借阅区/ [索取号:I222.6/880] | 在馆 | |
| 3 | 1384130 | 213841306 | 第二借阅区/ [索取号:I222.6/880] | 在馆 | |
| 4 | 1384131 | 213841315 | 第二借阅区/ [索取号:I222.6/880] | 在馆 |